<?xml version="1.0" encoding="UTF-8"?>
<record
    xmlns:xsi="http://www.w3.org/2001/XMLSchema-instance"
    xsi:schemaLocation="http://www.loc.gov/MARC21/slim http://www.loc.gov/standards/marcxml/schema/MARC21slim.xsd"
    xmlns="http://www.loc.gov/MARC21/slim">

  <leader>02302nam a22002894c 4500</leader>
  <controlfield tag="003">AR-BaSMT</controlfield>
  <controlfield tag="008">240614t2026     agad||gr|||| 001 0 spa d</controlfield>
  <datafield tag="020" ind1=" " ind2=" ">
    <subfield code="a">9786316843005</subfield>
  </datafield>
  <datafield tag="040" ind1=" " ind2=" ">
    <subfield code="a">BSGB</subfield>
    <subfield code="b">espa&#xF1;ol</subfield>
    <subfield code="e">rda</subfield>
  </datafield>
  <datafield tag="041" ind1="0" ind2=" ">
    <subfield code="a">spa</subfield>
    <subfield code="h">espa&#xF1;ol</subfield>
  </datafield>
  <datafield tag="080" ind1=" " ind2=" ">
    <subfield code="a">614</subfield>
  </datafield>
  <datafield tag="100" ind1="1" ind2=" ">
    <subfield code="a">Arrieta, Ezequiel Mart&#xED;n </subfield>
    <subfield code="9">504</subfield>
  </datafield>
  <datafield tag="245" ind1="1" ind2="0">
    <subfield code="a">Lo que el cuerpo sabe</subfield>
    <subfield code="b">: C&#xF3;mo sentirte bien (casi) todo el tiempo</subfield>
  </datafield>
  <datafield tag="250" ind1=" " ind2=" ">
    <subfield code="a">primera edici&#xF3;n</subfield>
  </datafield>
  <datafield tag="264" ind1=" " ind2="1">
    <subfield code="a">Buenos Aires: </subfield>
    <subfield code="b">El Gato y La Caja, </subfield>
    <subfield code="c">2026.</subfield>
  </datafield>
  <datafield tag="300" ind1=" " ind2=" ">
    <subfield code="a">296 p&#xE1;ginas, Ilustraciones a color.</subfield>
  </datafield>
  <datafield tag="336" ind1=" " ind2=" ">
    <subfield code="a">Texto</subfield>
  </datafield>
  <datafield tag="337" ind1=" " ind2=" ">
    <subfield code="a">Sin mediaci&#xF3;n</subfield>
  </datafield>
  <datafield tag="338" ind1=" " ind2=" ">
    <subfield code="a">Vol&#xFA;men</subfield>
  </datafield>
  <datafield tag="505" ind1=" " ind2=" ">
    <subfield code="a">Indice:
Cuerpos -- 8
Estr&#xE9;s -- 58
Descanso -- 116
Alimentaci&#xF3;n -- 174
Movimiento -- 236</subfield>
  </datafield>
  <datafield tag="520" ind1="1" ind2=" ">
    <subfield code="a">&#xBF;Qu&#xE9; nos pide nuestro cuerpo para estar saludable? &#xBF;Podemos darle lo que necesita? El m&#xE9;dico y doctor en biolog&#xED;a Ezequiel Arrieta aborda los cuatro pilares de la salud &#x2014;alimentaci&#xF3;n, descanso, manejo del estr&#xE9;s y movimiento&#x2014; en un libro con herramientas para entendernos y sentirnos mejor.
Lejos de la segmentaci&#xF3;n que ofrece el sistema m&#xE9;dico y sus especialidades &#x2014;corazones por ac&#xE1;, piernas por all&#xE1;, est&#xF3;magos que no hablan con sus cerebros y cerebros que no leen bien su entorno&#x2014;, este libro propone que volvamos a armar aquello que pasamos siglos despedazando: el cuerpo humano.
Arrieta toma dos disciplinas basadas en evidencia &#x2014;la medicina evolutiva y la medicina del estilo de vida&#x2014; para ayudarnos a entender por qu&#xE9; nos sentimos mal en nuestros cuerpos, por qu&#xE9; no tiene sentido culparnos y, mejor a&#xFA;n, qu&#xE9; podemos hacer para cambiarlo. Son herramientas accesibles, de bajo costo y alto impacto. Estr&#xE9;s, descanso, comida y movimiento, las claves est&#xE1;n ah&#xED;.
Porque cuando aceptamos el cuerpo como uno solo, con todos sus sistemas relacionados, y aprendemos la historia milenaria que nos forj&#xF3;, podemos acceder a lo que el cuerpo sabe, lo que ignora, lo que espera, lo que le hicieron creer y lo que todav&#xED;a podemos ense&#xF1;arle.
Esta es una invitaci&#xF3;n a empezar por lo que ten&#xE9;s a mano. No para sentirte bien todo el tiempo porque eso es imposible. Pero casi.</subfield>
  </datafield>
  <datafield tag="521" ind1=" " ind2=" ">
    <subfield code="a">P&#xFA;blico general</subfield>
  </datafield>
  <datafield tag="530" ind1=" " ind2=" ">
    <subfield code="a">Disponible gratuitamente online</subfield>
  </datafield>
  <datafield tag="650" ind1=" " ind2="4">
    <subfield code="9">62</subfield>
    <subfield code="a">CIENCIA</subfield>
    <subfield code="x">Medicina</subfield>
  </datafield>
  <datafield tag="942" ind1=" " ind2=" ">
    <subfield code="2">udc</subfield>
    <subfield code="a">BOOK</subfield>
  </datafield>
  <datafield tag="999" ind1=" " ind2=" ">
    <subfield code="c">680</subfield>
    <subfield code="d">680</subfield>
  </datafield>
  <datafield tag="952" ind1=" " ind2=" ">
    <subfield code="0">0</subfield>
    <subfield code="1">0</subfield>
    <subfield code="2">ddc</subfield>
    <subfield code="4">0</subfield>
    <subfield code="a">BSGB</subfield>
    <subfield code="b">BSGB</subfield>
    <subfield code="c">Ciencias Naturales</subfield>
    <subfield code="e">Compra feria del libro 2026</subfield>
    <subfield code="i">001046</subfield>
    <subfield code="l">0</subfield>
    <subfield code="o">614 ARR</subfield>
    <subfield code="p">001046</subfield>
    <subfield code="t">1</subfield>
    <subfield code="y">BOOK</subfield>
    <subfield code="f"></subfield>
  </datafield>
</record>
